Normal view
MARC view
Entry Personal Name
001 - CONTROL NUMBER
- control field: 70877
003 - CONTROL NUMBER IDENTIFIER
- control field: dpl
005 - DATE AND TIME OF LATEST TRANSACTION
- control field: 20240903114531.0
008 - FIXED-LENGTH DATA ELEMENTS
- fixed length control field: 240903|| aca||aabn | a|a d
040 ## - CATALOGING SOURCE
- Original cataloging agency: dpl
- Transcribing agency: dpl
100 ## - HEADING--PERSONAL NAME
- Personal name: Yognanda, Paramhansa
670 ## - SOURCE DATA FOUND
- Source citation: Work cat.: (dpl)204777: Yognanda, Paramhansa , Autobiography of a Yogi, 2024
